Catálogo público

La agricultura : (Record no. 205269)

MARC details
000 -CABECERA
campo de control de longitud fija 01784nam a2200313Ia 4500
001 - NÚMERO DE CONTROL
campo de control Para_9722
003 - IDENTIFICADOR DEL NÚMERO DE CONTROL
campo de control CHAP
005 - FECHA Y HORA DE LA ÚLTIMA TRANSACCIÓN
campo de control 20240408144713.0
008 - DATOS DE LONGITUD FIJA--INFORMACIÓN GENERAL
campo de control de longitud fija 220125s2008 xx 000 0 und d
010 ## - NÚMERO DE CONTROL DE LA BIBLIOTECA DEL CONGRESO
Número de control de LC 205269
020 ## - NÚMERO INTERNACIONAL ESTÁNDAR DEL LIBRO
Número Internacional Estándar del Libro 9789682482571
040 ## - FUENTE DE LA CATALOGACIÓN
Centro/agencia transcriptor CHAP
082 ## - NÚMERO DE LA CLASIFICACIÓN DECIMAL DEWEY
Número de clasificación PA 338.13 O76
100 ## - ENTRADA PRINCIPAL--NOMBRE DE PERSONA
Nombre de persona Oropeza Martínez, Humberto
9 (RLIN) 171272
245 ## - MENCIÓN DE TÍTULO
Título La agricultura :
Resto del título económia, administración y costos /
Mención de responsabilidad, etc. Humberto Oropeza Martínez
250 ## - MENCIÓN DE EDICIÓN
Mención de edición 2
260 ## - PUBLICACIÓN, DISTRIBUCIÓN, ETC.
Lugar de publicación, distribución, etc. México :
Nombre del editor, distribuidor, etc. Trillas
300 ## - DESCRIPCIÓN FÍSICA
Extensión 175 p
520 ## - SUMARIO, ETC.
Sumario, etc. La agricultura es factor de desarrollo económico de gran importancia para cualquier nación, y como todo proceso de producción, obedece a lineamientos administrativos referentes a la organización de las unidades de producción rural, el aprovechamiento de los recursos naturales, la captación y el empleo de la fuerza de trabajo, y la asignación del capital.Estos y otros temas de la administración y la economía aplicadas a la agricultura, se abordan aquí con el fin de que tanto el estudiante de ingeniería agrícola como los productores agrícolas puedan profundizar en los problemas del campo mediante el análisis de los elementos que les permitan configurar una administración y un sistema de contabilidad dentro de cada empresa agrícola, además de que responda a los requerimientos de una planeación cuidadosa y una evaluación objetiva de los resultados de la producción agrícola.
650 ## - PUNTO DE ACCESO ADICIONAL DE MATERIA--TÉRMINO DE MATERIA
Término de materia o nombre geográfico como elemento de entrada Agricultura
Subdivisión general Administración
9 (RLIN) 149628
650 ## - PUNTO DE ACCESO ADICIONAL DE MATERIA--TÉRMINO DE MATERIA
Término de materia o nombre geográfico como elemento de entrada Agricultura
Subdivisión general Aspectos económicos
650 ## - PUNTO DE ACCESO ADICIONAL DE MATERIA--TÉRMINO DE MATERIA
Término de materia o nombre geográfico como elemento de entrada Agricultura
Subdivisión general Costos
9 (RLIN) 1385
901 ## - ELEMENTOS DE DATOS A LOCAL LDA (RLIN)
a PA 338.13 O76
902 ## - ELEMENTOS DE DATOS B LOCAL, LDB (RLIN)
a M
905 ## - ELEMENTOS DE DATOS E LOCAL, LDE (RLIN)
a 5232202008 ain 8000000000 06
910 ## - DATOS DE OPCIÓN DEL USUARIO (OCLC)
Datos de opción del usuario 2008
942 ## - ELEMENTOS DE PUNTO DE ACCESO ADICIONAL (KOHA)
Tipo de ítem Koha Parasitologia_
Fuente del sistema de clasificación o colocación Dewey Decimal Classification
942 ## - ELEMENTOS DE PUNTO DE ACCESO ADICIONAL (KOHA)
Tipo de ítem Koha Parasitologia_
Fuente del sistema de clasificación o colocación Dewey Decimal Classification
Holdings
Estado de retiro Estado de pérdida Fuente del sistema de clasificación o colocación Estado dañado Restricciones de uso No para préstamo Código de colección Localización permanente Ubicación/localización actual Fecha de adquisición Información codificada de la localización en otra ubicación Número de inventario Total de préstamos Signatura topográfica completa Código de barras Fecha visto por última vez Número de copia Precio válido a partir de Tipo de ítem Koha Nota pública Ubicación en estantería
    Dewey Decimal Classification   Préstamo 15 días   General Biblioteca Central Biblioteca Central 08/04/2024       338.13 O74 2016 33724002584356 08/04/2024   08/04/2024 Libro   Planta alta - Colección General
    Dewey Decimal Classification   Préstamo 3 días   General Parasitologia Agricola Parasitologia Agricola 22/08/2011 PARA (PA_09751) (No. UACh C/E)   PA 338.13 O76 4102000061 25/01/2022 Ej.2 25/01/2022 Libro 3  
    Dewey Decimal Classification   Préstamo interno   General Parasitologia Agricola Parasitologia Agricola 22/08/2011 PARA (PA_09750) (No. UACh C/E)   PA 338.13 O76 4102000060 25/01/2022 Ej.1 25/01/2022 Libro 2